000 00335nam a2200133Ia 4500
008 151001s9999||||xx |||||||||||||| ||und||
100 _aमीना - प्रभू
245 _aतुकनामा
250 _a1
260 _bपुणे प्रकाशन
260 _c2006
300 _a278
365 _b21
999 _c986594
_d986591